Moon Missions by Country - Statistics

General Stats
  • This quiz has been taken 14 times
  • The average score is 9 of 14
Answer Stats
Total Missions Answer % Correct
64 USA
100%
10 China
91%
1 Russia
91%
58 USSR
91%
1 Canada
82%
9 Japan
82%
3 India
73%
1 Italy
64%
1 Israel
45%
1 Pakistan
45%
1 South Korea
45%
1 ESA
27%
1 Luxembourg
18%
1 UAE
18%
No matching quizzes found
Score Distribution
Percent of People with Each Score
Percentile by Number Answered
Your Score History
You have not taken this quiz